[Event "28th WSCC Open 65 2018"]
[Site "Bled"]
[Date "2018.11.18"]
[Round "1"]
[White "Sveshnikov, Evgeny"]
[Black "Nickl, Klaus"]
[Result "1-0"]
[WhiteElo "2496"]
[BlackElo "2006"]
[Annotator "TA"]
[PlyCount "81"]
[EventDate "2018.11.17"]
[EventType "swiss"]
[EventCountry "SLO"]
[SourceTitle "playchess.com"]
[Source "ChessBase"]
[SourceQuality "1"]

{[%evp 9,81,-30,0,-25,22,15,50,39,44,35,57,64,79,81,75,51,54,50,62,14,32,0,16,12,14,-85,-69,-81,42,31,28,26,32,39,46,41,42,21,31,16,28,21,96,106,139,141,320,329,352,330,464,405,407,389,401,388,379,357,414,300,481,476,505,505,540,533,475,241,29972,29973,6530,6203,5281,4801]} 1. e4 e5 2. Nc3 Nf6 3. f4 d5 4. fxe5 Nxe4 5. Qf3 Nxc3 6. dxc3 {C29: Vienna Game: 2...Nf6 3 f4} (6. bxc3 c5 7. Bb5+ Nc6 8. Qg3 Qb6 9. Rb1 Be6 10. Nf3 O-O-O 11. Rb2 h6 12. O-O Qc7 13. Bxc6 Qxc6 14. d3 {0-1 (40) Dubov,D (2683)-Tomashevsky,E (2713) St Petersburg 2017}) 6... Qh4+ (6... Be6 {feels hotter.} 7. Ne2 Nd7 8. Bf4 c5 9. O-O-O h5) 7. g3 Qe4+ 8. Qxe4 {White is slightly better.} dxe4 9. Bg2 Bf5 10. Ne2 Nd7 11. Nd4 Bg6 12. e6 Nf6 13. exf7+ Kxf7 $146 ({Predecessor:} 13... Bxf7) 14. Bg5 Bd6 15. O-O Rhe8 16. Nf5 Bc5+ 17. Kh1 (17. Be3 $11 {remains equal.}) 17... Re5 $17 18. Nh6+ gxh6 (18... Ke7 $17 19. Bxf6+ gxf6) 19. Bxf6 $14 Rf5 20. Bd4 $36 {[%mdl 2048] White is pushing.} Bxd4 21. cxd4 Kg7 22. Rxf5 Bxf5 {[%mdl 4096] Endgame [#] KRB-KRB} 23. g4 $1 {[%mdl 512]} Bg6 (23... Bxg4 24. Bxe4) 24. Re1 Rd8 25. c3 c5 (25... b6 $11 {keeps the balance.}) 26. dxc5 $16 Rd2 27. b4 ({Don't play} 27. Bxe4 $6 Rxb2 28. a4 Rb3 $14) 27... e3 $2 (27... Rd5 $16 {keeps fighting.} 28. h4 (28. Bxe4 $2 Re5 $19) 28... h5) 28. Bxb7 $18 e2 {And now ...Rd1 would win.} 29. Kg2 Rxa2 (29... Rc2 {was necessary.} 30. Kf2 Rxc3 31. Rxe2 Kf6) 30. Kf2 Rc2 31. Rxe2 Rxc3 32. Ra2 Kf6 33. Rxa7 Ke5 34. Ra2 Kf4 $2 (34... h5 35. Re2+ Kf4) 35. c6 {[%cal Bc5c6,Bc6c7][%mdl 32]} Be4 36. b5 Rf3+ 37. Ke1 Rb3 38. Ra4 (38. Rf2+ $142 Kg5 39. Ba6) 38... Ke3 $2 {[#]} (38... Rxb5 $18 39. c7 Rb1+ 40. Kd2 Rb2+ 41. Kc3 Rc2+ 42. Kb3 Rxc7) 39. Rxe4+ $1 {[%mdl 64] Promotion} Kxe4 40. c7+ Ke3 41. Kf1 {Accuracy: White = 67%, Black = 24%.} 1-0

[Event "28th WSCC Open 65 2018"]
[Site "Bled"]
[Date "2018.11.18"]
[Round "1"]
[White "Balashov, Yuri S"]
[Black "Valenti, Giuseppe"]
[Result "1-0"]
[WhiteElo "2445"]
[BlackElo "2003"]
[Annotator "ChessBase"]
[PlyCount "59"]
[EventDate "2018.11.17"]
[EventType "swiss"]
[EventCountry "SLO"]
[SourceTitle "playchess.com"]
[Source "ChessBase"]
[SourceQuality "1"]
[TimeControl "40/5400+30:1800+30"]

1. Nf3 {[%emt 0:00:00]} c5 {[%emt 0:09:55]} 2. c4 {[%emt 0:00:03]} e6 {[%emt 0:00:08]} 3. Nc3 {[%emt 0:01:23]} d6 {[%emt 0:00:13]} 4. d4 {[%emt 0:00:37]} cxd4 {[%emt 0:00:08]} 5. Nxd4 {[%emt 0:00:19]} a6 {[%emt 0:00:06]} 6. e4 {[%emt 0:00:58]} Nf6 {[%emt 0:00:09]} 7. f4 {[%emt 0:00:32]} Qc7 {[%emt 0:00:19]} 8. Be3 {[%emt 0:00:43]} Nbd7 {[%emt 0:00:14]} 9. Rc1 {[%emt 0:01:50]} Be7 {[%emt 0:00:51]} 10. Be2 {[%emt 0:00:58]} O-O {[%emt 0:02:32]} 11. g4 {[%emt 0:05:32]} Rd8 {[%emt 0:05:40]} 12. g5 {[%emt 0:01:22]} Ne8 {[%emt 0:00:02]} 13. h4 {[%emt 0:02:28]} Bf8 {[%emt 0:03:19]} 14. h5 {[%emt 0:02:33]} e5 {[%emt 0:10:23]} 15. Nd5 {[%emt 0:04:14]} Qb8 {[%emt 0:06:55]} 16. Nf5 {[%emt 0:03:45]} Nc5 {[%emt 0:03:28]} 17. Nfe7+ {[%emt 0:06:22]} Bxe7 {[%emt 0:00:03]} 18. Bxc5 {[%emt 0:00:49]} Bf8 {[%emt 0:02:36]} 19. Bb6 {[%emt 0:00:44]} Rd7 {[%emt 0:02:06]} 20. Bg4 {[%emt 0:03:49]} exf4 {[%emt 0:01:36]} 21. Bxd7 {[%emt 0:00:45]} Bxd7 {[%emt 0:00:03]} 22. h6 {[%emt 0:04:21]} g6 {[%emt 0:03:59]} 23. Qf3 {[%emt 0:05:19]} Bc6 {[%emt 0:01:43]} 24. Qxf4 {[%emt 0:00:12]} Qc8 {[%emt 0:00:01]} 25. O-O {[%emt 0:00:32]} Qe6 {[%emt 0:01:06]} 26. Rc2 {[%emt 0:03:55]} f6 {[%emt 0:09:54]} 27. Rcf2 {[%emt 0:04:07]} Rc8 {[%emt 0:03:21]} 28. Bd4 {[%emt 0:01:47]} b5 {[%emt 0:10:28]} 29. Bxf6 {[%emt 0:02:39]} Nc7 {[%emt 0:10:54]} 30. Bd4 {[%emt 0:02:10]} 1-0

[Event "28th WSCC Open 65 2018"]
[Site "Bled"]
[Date "2018.11.18"]
[Round "1"]
[White "Birnboim, Nathan"]
[Black "Grahn, Lars"]
[Result "1-0"]
[WhiteElo "2376"]
[BlackElo "1999"]
[Annotator "NA"]
[PlyCount "59"]
[EventDate "2018.11.17"]
[EventType "swiss"]
[EventCountry "SLO"]
[SourceTitle "playchess.com"]
[Source "ChessBase"]
[SourceQuality "1"]
[TimeControl "40/5400+30:1800+30"]

1. d4 f5 2. c4 Nf6 3. g3 g6 4. Bg2 Bg7 5. Nf3 O-O 6. O-O d6 7. Nc3 c6 8. Qc2 Na6 9. Re1 {A88: Dutch Defence: Leningrad System: 5 Nf3 0-0 6 0-0 d6 7 Nc3 c6} Re8 10. Bf4 $146 ({Predecessor:} 10. Bg5 e5 11. dxe5 dxe5 12. Rad1 Qe7 13. e4 Nc5 14. Qc1 Qf8 15. Nh4 Nfxe4 16. Bxe4 fxe4 17. Nxe4 {1-0 (47) Adly,A (2593)-Anton Guijarro,D (2676) Sharjah 2017}) 10... Nh5 11. Bg5 h6 $1 12. Bd2 e5 13. dxe5 dxe5 14. Rad1 Qc7 15. e4 f4 16. Nh4 Qf7 17. Bf3 g5 18. Nf5 Bf8 19. Na4 Nf6 20. c5 g4 (20... Bxf5 $11 21. exf5 e4) 21. Be2 f3 22. Bf1 Nxe4 23. Bc4 Be6 24. Bxe6 Rxe6 25. Qxe4 Qh5 26. Ne3 Rg6 27. Bc3 Re8 28. Rd7 Ree6 29. b4 Qh3 $18 30. Qc4 1-0

[Event "28th WSCC Open 65 2018"]
[Site "Bled"]
[Date "2018.11.18"]
[Round "1"]
[White "Vogt, Lothar"]
[Black "Strand, Kjetil"]
[Result "1-0"]
[WhiteElo "2359"]
[BlackElo "1995"]
[Annotator "TA"]
[PlyCount "127"]
[EventDate "2018.11.17"]
[EventType "swiss"]
[EventCountry "SLO"]
[SourceTitle "playchess.com"]
[Source "ChessBase"]
[SourceQuality "1"]

{[%evp 17,127,17,26,-25,-31,-36,-26,-27,-2,-2,26,35,41,0,19,-77,95,101,86,87,94,104,96,95,108,64,44,52,47,37,55,48,40,42,37,35,37,25,27,33,25,34,70,76,83,60,55,62,56,70,100,83,83,83,83,83,91,91,134,141,177,175,160,167,210,208,262,262,252,256,300,310,301,259,357,364,477,462,455,448,489,441,439,421,406,417,395,406,772,749,724,612,798,733,1493,1443,3822,3758,29967,29968,29962,29966,29969,29974,29971,29970,29968,29970,29975,29974,12823,5122]} 1. Nf3 d5 2. g3 Nf6 3. Bg2 Bf5 4. O-O e6 5. d3 Be7 6. Nbd2 O-O 7. Nh4 Bg4 {[%cal Bf5g4,Bg4h5,Bh5g6][%mdl 32] A07: Réti Opening: New York and Capablanca Systems} 8. h3 Bh5 9. g4 Nfd7 {LiveBook: 5 Games. The position is equal.} 10. Nhf3 (10. Nf5 $142 exf5 11. gxh5) (10. Nf5 exf5 11. gxh5 Nf6 12. h6 g6 13. c4 c6 14. Qb3 Na6 15. cxd5 Nxd5 {0-1 (48) Paunovic,D (2531)-Naiditsch,A (2652) Zlatibor 2007}) 10... Bg6 $11 11. e4 Nc6 $146 ({Predecessor:} 11... c6 12. Re1 Na6 13. a3 Nc7 14. b3 Bf6 15. e5 {0-1 (60) Moremada,H (1197)-Nanayakkara,J (1632) Negambo 2017}) 12. Qe2 Bc5 13. c3 dxe4 14. Nxe4 Bb6 15. d4 {[%cal Bd3d4,Bd4d5][%mdl 32]} Re8 16. Bd2 (16. Rd1 $11) 16... Nf6 $2 (16... e5 $17 {[%cal Re5d4]} 17. d5 Bxe4 18. Qxe4 Nf6 {[%mdl 64] Double Attack}) 17. Nxf6+ $16 gxf6 {[%cal Bg7f6,Bf6f5,Bf5f4][%mdl 32]} 18. Nh4 e5 19. d5 $1 ({Reject} 19. Nxg6 $6 exd4 20. Ne7+ Rxe7 $11) 19... Ne7 20. Rad1 Qd6 21. Be3 f5 22. c4 f4 23. Nxg6 hxg6 24. c5 Bxc5 25. Bxc5 Qxc5 26. Qxe5 c6 27. Qxf4 {Black must now prevent d6.} Nxd5 28. Bxd5 cxd5 29. Rc1 Qb6 30. Rc7 Rf8 31. b3 Rac8 32. Rfc1 Rxc7 33. Rxc7 $14 {[%mdl 4096] Endgame KQR-KQR} a5 34. Rd7 Qc6 35. Qc7 (35. Rd6 {feels hotter.} Qc2 36. Qf3 Qxa2 37. Qxd5 Kg7 38. Rb6) 35... Qxc7 36. Rxc7 $16 {KR-KR} b6 37. Rd7 Rc8 38. Rxd5 Rc2 39. a4 Rc3 {[#]} 40. Rb5 $1 Rc6 41. Kg2 f6 42. h4 Kf7 43. Kf3 Rd6 44. Ke4 Kg7 45. f4 Kf7 46. f5 gxf5+ 47. Kxf5 Kg7 48. Ke4 Kg6 49. Rd5 Re6+ 50. Kd4 Re1 51. Rb5 Rd1+ 52. Kc4 Rd6 (52... Rc1+ $142 53. Kd5 Kf7 54. Rxb6 Rg1) 53. Rd5 $18 Re6 54. Kb5 Re4 {Black hopes to continue with ...Rb4+.} 55. Kxb6 Rxg4 56. Kxa5 Rxh4 57. b4 {[%cal Bb3b4,Bb4b5,Bb5b6,Bb6b7][%mdl 32]} f5 58. b5 f4 59. b6 f3 60. b7 Rh8 61. Kb6 f2 62. Rd1 Rf8 63. Rf1 Kg5 {[#]} 64. Ka7 {Accuracy: White = 81%, Black = 30%.} (64. Rxf2 $142 $1 {[%mdl 512]} Rxf2 65. b8=Q) 1-0

[Event "28th WSCC Open 65 2018"]
[Site "Bled"]
[Date "2018.11.18"]
[Round "1"]
[White "Berkovich, Mark A"]
[Black "Sand, Rolf"]
[Result "1/2-1/2"]
[WhiteElo "2339"]
[BlackElo "1989"]
[Annotator "TA"]
[PlyCount "68"]
[EventDate "2018.11.17"]
[EventType "swiss"]
[EventCountry "SLO"]
[SourceTitle "playchess.com"]
[Source "ChessBase"]
[SourceQuality "1"]

{[%evp 22,68,3,3,3,9,0,14,22,20,59,66,70,64,98,100,94,77,77,77,99,96,89,53,44,44,150,97,147,47,37,50,54,68,78,81,94,100,95,48,150,158,205,206,197,190,660,645,1356]} 1. d4 g6 2. c4 Nf6 3. Nc3 d5 4. cxd5 Nxd5 5. Bd2 Bg7 6. e4 Nxc3 7. Bxc3 O-O 8. Be2 {D85: Exchange Grünfeld: Unusual White 7th moves and lines with 7 Nf3} (8. Qd2 c5 9. d5 Bxc3 10. bxc3 Qd6 11. f4 e6 12. Bc4 b5 13. Bxb5 exd5 14. Bc4 Bb7 15. Nf3 Rd8 16. Bxd5 Bxd5 17. Qxd5 Qxd5 18. exd5 Rxd5 {½-½ (29) Tomashevsky,E (2702)-Nepomniachtchi,I (2768) Satka 2018}) 8... c5 9. d5 Bxc3+ 10. bxc3 e6 11. Nf3 exd5 12. exd5 {LiveBook: 11 Games} Nd7 {[%cal Bb8d7,Bd7f6,Bf6d5,Bd5f4][%mdl 32]} 13. O-O Nf6 14. c4 {[#]} b5 $146 ({Predecessor:} 14... Re8 15. Re1 Bg4 16. h3 Bxf3 17. Bxf3 Rxe1+ 18. Qxe1 {0-1 (58) Tunik,G (2423)-Timofeev,A (2536) Samara 2015}) 15. cxb5 Qxd5 16. Qxd5 Nxd5 17. Rfc1 Nf4 18. Bf1 Ne6 19. a4 Bb7 20. Ne5 Rfd8 21. f3 Rac8 22. Rd1 Bd5 23. Kf2 f6 {[#]} (23... Kg7 $14) 24. Nc4 (24. Nc6 $142 $1 {[%cal Rc6e7][%mdl 512]} Bxc6 25. Bc4) 24... Kf7 25. Rd2 ({White should play} 25. a5 $16) 25... Bxc4 26. Rxd8 Rxd8 27. Bxc4 $14 {[%mdl 4096] Endgame Threatens to win with Re1. KRB-KRN} Rd4 28. Rc1 Ke7 29. a5 $1 {[%cal Ba4a5,Ba5a6][%mdl 32]} Nf8 30. Ke3 Nd7 {[#]} ({Black should try} 30... f5 $14) 31. b6 $1 $16 {[%cal Rb6a7]} axb6 32. a6 {And now a7 would win.} Ne5 33. Bb5 {[%mdl 1024] Hoping for a7. White has strong compensation.} Rb4 $2 {[#]} (33... f5) 34. Ra1 $1 $18 ({Not} 34. a7 Rb3+ 35. Ke4 Ra3 $17) 34... Nf7 {[%mdl 32768] Accuracy: White = 70%, Black = 40%. . An unexpected result.} 1/2-1/2

[Event "28th WSCC Open 65 2018"]
[Site "Bled"]
[Date "2018.11.18"]
[Round "1"]
[White "Shirazi, Kamran"]
[Black "Keogh, Eamon"]
[Result "1-0"]
[WhiteElo "2333"]
[BlackElo "1982"]
[Annotator "TA"]
[PlyCount "63"]
[EventDate "2018.11.17"]
[EventType "swiss"]
[EventCountry "SLO"]
[SourceTitle "playchess.com"]
[Source "ChessBase"]
[SourceQuality "1"]

{[%evp 9,63,-5,-5,-10,-16,-16,10,0,18,-18,-18,-14,-12,-11,16,20,10,20,8,16,8,8,16,0,84,84,116,101,104,102,104,107,118,112,134,127,136,123,204,214,447,447,448,448,570,579,574,575,1766,1721,29986,29987,29987,29988,29997,29998]} 1. e4 e6 2. d4 d5 3. Nc3 Nf6 4. exd5 exd5 5. a3 (5. Bg5 Be7 6. Bd3 Nc6 7. Nge2 Nb4 8. Bb5+ c6 9. Ba4 O-O 10. O-O h6 11. Bxf6 Bxf6 12. Ng3 a5 13. a3 Na6 14. Nce2 g6 15. c3 Qd6 {0-1 (56) Harikrishna,P (2753)-Wang,H (2717) Huaian 2016}) 5... c6 6. h3 {C01: French: Exchange Variation} Bd6 7. Bd3 $146 ({Predecessor:} 7. Nf3 h6 8. Bd3 Nbd7 9. O-O O-O 10. Re1 a6 11. Ne2 Nh5 12. Nc3 Ndf6 13. Bd2 Bd7 14. Ne5 Re8 15. Nxd7 Qxd7 16. Qf3 Rad8 17. g4 Qc7 18. gxh5 {½-½ (69) Malheiro,M-Batista,P Aveiro 1998}) 7... Qe7+ 8. Be3 {The position is equal.} Ne4 9. Nge2 (9. Bxe4 $5 dxe4 10. Qd2 $11) 9... f5 10. O-O O-O {And now ...Nxc3 would win.} 11. Qc1 Qc7 {White must now prevent ...Nxc3.} 12. Bf4 Nd7 13. Re1 Ndf6 14. Bxd6 Qxd6 15. f3 Nxc3 16. Nxc3 {[%cal Be2c3,Bc3b5,Bb5d6][%mdl 32]} c5 (16... Bd7 $11 {keeps the balance.}) 17. Nb5 $16 Qb6 {[#] Threatens to win with ...c4.} 18. dxc5 Qxc5+ 19. Qe3 Qxe3+ 20. Rxe3 Bd7 21. Nd6 $36 {[%mdl 2048] Black is under strong pressure.} f4 22. Re7 Rab8 23. Rae1 Bc6 (23... g6 $16 {was worth a try.}) 24. Bf5 $18 Ne8 $2 (24... h6 25. R1e5 Rfd8) 25. Be6+ Kh8 26. Nf7+ Kg8 27. Re5 Nf6 28. Rg5 g6 29. Ne5+ Kh8 {[#]} 30. Nxg6+ $1 {[%mdl 512] White mates.} hxg6 31. Rxg6 Ng8 32. Bxg8 $1 {Accuracy: White = 81%, Black = 33%.} 1-0

[Event "28th WSCC Open 65 2018"]
[Site "Bled"]
[Date "2018.11.18"]
[Round "1"]
[White "Karasev, Vladimir I"]
[Black "Koskinen, Veikko"]
[Result "1-0"]
[WhiteElo "2314"]
[BlackElo "1978"]
[Annotator "TA"]
[PlyCount "93"]
[EventDate "2018.11.17"]
[EventType "swiss"]
[EventCountry "SLO"]
[SourceTitle "playchess.com"]
[Source "ChessBase"]
[SourceQuality "1"]

{[%evp 9,93,17,39,-27,-34,-43,-22,-52,-18,-20,-19,-84,-74,-81,-52,-65,-41,-97,-54,-63,-63,-69,8,5,11,10,0,0,0,0,0,0,0,0,11,0,0,-10,2,0,41,37,32,20,18,22,31,34,45,14,14,8,8,0,0,0,0,0,0,0,0,0,0,0,0,0,0,0,0,0,0,0,467,408,893,891,1170,1299,1361,1240,2369,2222,1909,1638,1070,1172]} 1. Nf3 f5 2. e4 fxe4 3. Ng5 Nf6 4. d3 e3 5. Bxe3 e5 {LiveBook: 20 Games} 6. Ne4 {A04: Unusual lines after 1 Nf3 and King's Indian Attack} (6. d4 $14 exd4 7. Bxd4 (7. Qxd4 Nc6 $11)) (6. d4 e4 7. Nxe4 Be7 8. Nbc3 c6 9. Nxf6+ Bxf6 10. Qh5+ g6 11. Qh6 d5 12. h4 Bf5 13. O-O-O Na6 14. Bxa6 bxa6 {1-0 (33) Ramon Solans,A (2413)-Campos Olaya,I (2314) Tarrega 2015}) 6... d5 $11 7. Nxf6+ Qxf6 8. Nc3 {The position is equal.} c6 $146 ({Predecessor:} 8... Bb4 9. Qh5+ g6 10. Qg5 Qe6 11. Bd2 O-O 12. Be2 {½-½ (12) Lida Garcia,F (2128)-Mazziotti Irigoyen,G (2139) Buenos Aires 2001}) 9. d4 Bd6 10. Ne2 (10. Qh5+ $11 g6 11. Qe2) 10... O-O 11. Qd2 a5 12. c3 Na6 13. a3 (13. dxe5 $15 Qxe5 14. Ng3) 13... Nc7 14. dxe5 Bxe5 15. Nd4 Bf4 (15... c5 $15 16. Nf3 Bd6) 16. Bxf4 Qxf4 17. Qxf4 Rxf4 18. Bd3 Ne6 19. g3 Rf8 20. Nxe6 Bxe6 21. f4 Rae8 22. O-O g6 23. Rfe1 Bd7 24. Kf2 Rf7 25. Rxe8+ Bxe8 $14 {[%mdl 4096] Endgame KRB-KRB} 26. Re1 Kf8 27. h4 Re7 28. Rxe7 Kxe7 {KB-KB} 29. h5 Kf6 30. hxg6 hxg6 31. Ke3 c5 32. Bf1 Bc6 33. Bh3 Be8 34. Bg2 Bc6 {[#] Threatens to win with ...d4+!} 35. Kd3 a4 36. Kd2 b5 37. Bh3 Be8 38. Bc8 Bc6 39. Ke3 Ke7 40. g4 {[%cal Bg3g4,Bg4g5][%mdl 32]} Kf6 $2 {[%mdl 8192] [#]} (40... Bd7 $11 {and Black has nothing to worry.} 41. Bxd7 Kxd7) 41. g5+ $18 Kf7 (41... Ke7 $142 42. f5 gxf5) 42. f5 {White is clearly winning.} gxf5 43. Bxf5 Ke7 44. Kf4 Be8 45. Ke5 Bf7 46. g6 Bg8 47. Bd3 {Accuracy: White = 50%, Black = 49%.} 1-0

[Event "28th WSCC Open 65 2018"]
[Site "Bled"]
[Date "2018.11.18"]
[Round "1"]
[White "Melkeraen, Terje"]
[Black "Vaisser, Anatoli"]
[Result "0-1"]
[WhiteElo "2006"]
[BlackElo "2504"]
[Annotator "TA"]
[PlyCount "46"]
[EventDate "2018.11.17"]
[EventType "swiss"]
[EventCountry "SLO"]
[SourceTitle "playchess.com"]
[Source "ChessBase"]
[SourceQuality "1"]

{[%evp 10,46,20,0,6,3,8,5,8,4,6,0,0,0,0,4,0,6,33,-7,1,-33,-25,-49,-38,-37,-40,-60,-36,-55,-58,-75,-82,-110,-120,-114,-101,-253,-258]} 1. Nf3 d5 2. b3 c5 3. e3 Nf6 4. Bb2 e6 5. Bb5+ Bd7 6. Qe2 {LiveBook: 9 Games. A06: Réti Opening:1 Nf3 d5} (6. Be2 {feels hotter.} Bd6 7. c4 Nc6 8. O-O O-O 9. d4) (6. Be2 Nc6 7. O-O Be7 8. d4 cxd4 9. exd4 O-O 10. Nbd2 Qb6 11. a3 Rfd8 12. Bd3 Be8 13. Re1 Bf8 14. Rb1 {1-0 (52) Kritz,L (2597)-Pavasovic,D (2575) Austria 2007}) 6... a6 7. Bxd7+ Nbxd7 8. d3 {The position is equal.} Be7 9. Nbd2 Qc7 10. c4 O-O 11. O-O b5 $146 ({Predecessor:} 11... dxc4 12. Nxc4 b5 13. Nce5 Rad8 {1-0 (28) Caritg Creus,C (1655)-Dominguez Gutierrez,J (2072) Las Palmas 2013}) 12. Rfc1 Rab8 13. Rc2 dxc4 14. bxc4 b4 15. d4 a5 {[%cal Ba6a5,Ba5a4][%mdl 32]} 16. dxc5 Bxc5 17. Nb3 Be7 18. Nbd4 Rfc8 19. Rac1 Qb7 20. Nd2 a4 21. Qf3 Qxf3 22. gxf3 Nc5 {White must now prevent ...b3.} 23. Ba1 $2 {[#]} (23. Rb1 $17) 23... b3 {Accuracy: White = 29%, Black = 78%.} 0-1

[Event "28th WSCC Open 65 2018"]
[Site "Bled"]
[Date "2018.11.18"]
[Round "1"]
[White "Skok, Joze"]
[Black "Rashkovsky, Nukhim N"]
[Result "0-1"]
[WhiteElo "2004"]
[BlackElo "2482"]
[Annotator "ChessBase"]
[PlyCount "70"]
[EventDate "2018.11.17"]
[EventType "swiss"]
[EventCountry "SLO"]
[SourceTitle "playchess.com"]
[Source "ChessBase"]
[SourceQuality "1"]
[TimeControl "40/5400+30:1800+30"]

1. e4 {[%emt 0:00:00]} c5 {[%emt 0:00:00]} 2. Nc3 {[%emt 0:00:00]} a6 {[%emt 0:00:22]} 3. a4 {[%emt 0:00:44]} Nc6 {[%emt 0:00:35]} 4. g3 {[%emt 0:00:20]} g6 {[%emt 0:02:29]} 5. Bg2 {[%emt 0:02:20]} Bg7 {[%emt 0:00:10]} 6. Nge2 {[%emt 0:00:26]} e6 {[%emt 0:00:58]} 7. d3 {[%emt 0:01:21]} Nge7 {[%emt 0:00:12]} 8. Be3 {[%emt 0:00:32]} Nd4 {[%emt 0:00:12]} 9. Qd2 {[%emt 0:01:04]} Nec6 {[%emt 0:00:47]} 10. O-O {[%emt 0:00:58]} O-O {[%emt 0:01:13]} 11. f4 {[%emt 0:01:29]} d6 {[%emt 0:01:38]} 12. Nd1 {[%emt 0:07:58]} Rb8 {[%emt 0:01:45]} 13. Rb1 {[%emt 0:03:56]} b5 {[%emt 0:02:30]} 14. axb5 {[%emt 0:01:34]} axb5 {[%emt 0:00:02]} 15. Kh1 {[%emt 0:08:18]} b4 {[%emt 0:06:26]} 16. b3 {[%emt 0:05:27]} Ra8 {[%emt 0:00:47]} 17. Nxd4 {[%emt 0:07:58]} cxd4 {[%emt 0:13:19]} 18. Bf2 {[%emt 0:03:40]} Ra2 {[%emt 0:01:33]} 19. Nb2 {[%emt 0:05:01]} d5 {[%emt 0:01:09]} 20. Ra1 {[%emt 0:03:51]} Ra3 {[%emt 0:06:50]} 21. Na4 {[%emt 0:04:46]} Rxa1 {[%emt 0:03:57]} 22. Rxa1 {[%emt 0:00:19]} dxe4 {[%emt 0:00:37]} 23. Bxe4 {[%emt 0:01:11]} Qc7 {[%emt 0:01:29]} 24. Kg1 {[%emt 0:03:50]} e5 {[%emt 0:02:01]} 25. fxe5 {[%emt 0:02:57]} Nxe5 {[%emt 0:04:54]} 26. Kg2 {[%emt 0:11:12]} Ng4 {[%emt 0:04:04]} 27. Rf1 {[%emt 0:04:21]} h5 {[%emt 0:17:55]} 28. Bg1 {[%emt 0:05:09]} Ne3+ {[%emt 0:03:02]} 29. Bxe3 {[%emt 0:00:28]} dxe3 {[%emt 0:00:02]} 30. Qe2 {[%emt 0:00:59]} Bd4 {[%emt 0:00:31]} 31. h3 {[%emt 0:03:08]} Be6 {[%emt 0:02:07]} 32. Rc1 {[%emt 0:02:07]} Bxb3 {[%emt 0:01:07]} 33. Rb1 {[%emt 0:01:06]} Qxc2 {[%emt 0:00:43]} 34. Qxc2 {[%emt 0:00:18]} Bxc2 {[%emt 0:00:01]} 35. Rxb4 {[%emt 0:00:07]} e2 {[%emt 0:00:12]} 0-1

[Event "28th WSCC Open 65 2018"]
[Site "Bled"]
[Date "2018.11.18"]
[Round "1"]
[White "Hewson, Brian W R"]
[Black "Jansa, Vlastimil"]
[Result "0-1"]
[WhiteElo "2000"]
[BlackElo "2437"]
[Annotator "ChessBase"]
[PlyCount "56"]
[EventDate "2018.11.17"]
[EventType "swiss"]
[EventCountry "SLO"]
[SourceTitle "playchess.com"]
[Source "ChessBase"]
[SourceQuality "1"]
[TimeControl "40/5400+30:1800+30"]

1. d4 {[%emt 0:00:00]} Nf6 {[%emt 0:00:00]} 2. Nf3 {[%emt 0:00:00]} g6 {[%emt 0:00:00]} 3. g3 {[%emt 0:00:40]} Bg7 {[%emt 0:00:06]} 4. Bg2 {[%emt 0:00:17]} d5 {[%emt 0:00:12]} 5. c4 {[%emt 0:00:34]} dxc4 {[%emt 0:00:11]} 6. O-O {[%emt 0:06:00]} O-O {[%emt 0:01:11]} 7. Na3 {[%emt 0:01:05]} Nc6 {[%emt 0:01:19]} 8. Nxc4 {[%emt 0:01:00]} Be6 {[%emt 0:00:15]} 9. Nce5 {[%emt 0:04:20]} Nxe5 {[%emt 0:03:06]} 10. Nxe5 {[%emt 0:01:42]} c6 {[%emt 0:01:28]} 11. e4 {[%emt 0:05:57]} Qb6 {[%emt 0:21:33]} 12. Qa4 {[%emt 0:06:59]} a5 {[%emt 0:08:49]} 13. Nd3 {[%emt 0:25:07]} Rfd8 {[%emt 0:05:20]} 14. Nc5 {[%emt 0:08:54]} Bc8 {[%emt 0:00:42]} 15. Qc4 {[%emt 0:16:33]} Qb4 {[%emt 0:08:41]} 16. Qxb4 {[%emt 0:00:45]} axb4 {[%emt 0:00:05]} 17. Be3 {[%emt 0:00:46]} Ng4 {[%emt 0:15:10]} 18. Rfd1 {[%emt 0:01:11]} b6 {[%emt 0:05:12]} 19. Nb3 {[%emt 0:08:23]} Be6 {[%emt 0:03:56]} 20. d5 {[%emt 0:03:46]} Nxe3 {[%emt 0:00:19]} 21. fxe3 {[%emt 0:00:06]} Bg4 {[%emt 0:00:24]} 22. Rd2 {[%emt 0:00:22]} c5 {[%emt 0:00:27]} 23. h3 {[%emt 0:00:19]} Bd7 {[%emt 0:02:36]} 24. Bf1 {[%emt 0:01:37]} Be5 {[%emt 0:00:42]} 25. Kg2 {[%emt 0:00:10]} Rdc8 {[%emt 0:01:26]} 26. Rc2 {[%emt 0:02:38]} Ra7 {[%emt 0:01:16]} 27. Nd2 {[%emt 0:01:48]} Ba4 {[%emt 0:01:36]} 28. Nc4 {[%emt 0:01:19]} Bxc2 {[%emt 0:00:12]} 0-1